| 000 | 00914nam a2200289 i 4500 | ||
|---|---|---|---|
| 003 | DO-SdBNP | ||
| 005 | 20260116070222.0 | ||
| 007 | ta | ||
| 008 | 110406s1981 dr 000 p spa d | ||
| 040 |
_aDO-SdBNP _bspa _cBNPHU _erda |
||
| 041 | _aspa | ||
| 049 | _aBNPD | ||
| 082 | 4 |
_axxx _bR696r _222 |
|
| 100 | 1 |
_aRodríguez Soriano, René, _d1950- _eautor _4aut. _9232 |
|
| 245 | 1 | 0 |
_aRaíces : _bcon dos comienzos y un final / _cRené Rodríguez Soriano ; edición, Denis Mota, Generoso Ledesma |
| 250 | _aSegunda edición | ||
| 264 | 1 |
_aSanto Domingo : _bTaller, _c1981. |
|
| 300 |
_a50 páginas ; _c21 cm. |
||
| 336 |
_atexto _btxt _2rdacontent |
||
| 337 |
_asin mediación _bn _2rdamedia |
||
| 338 |
_avolumen _bnc _2rdacarrier |
||
| 590 | _aInventariado 2026/BT | ||
| 700 | 1 |
_aMota, Denis, _eeditor _4ed. _949338 |
|
| 700 | 1 |
_aLedesma, Generoso, _eeditor _4ed. _988099 |
|
| 910 | _aBtavárez | ||
| 942 |
_2ddc _cLF2 |
||
| 999 |
_c60105 _d60105 |
||